| 000 | 00337nam a22001337a 4500 | ||
|---|---|---|---|
| 008 | 250707b |||||||| |||| 00| 0 eng d | ||
| 020 | _aNIL | ||
| 050 |
_aHD9017 _b.A55 |
||
| 100 | _aAMIN, A. Galal | ||
| 245 | _aFood Supply and Economic Development | ||
| 260 |
_aCairo _bFrank Cass & Co. Ltd. _c1966 |
||
| 300 | _axiii, 132p. | ||
| 942 | _cBK | ||
| 999 |
_c4169 _d4169 |
||